| 000 | 01156cad a22002415a 4500 | ||
|---|---|---|---|
| 001 | E147001 | ||
| 008 | 090327s2009 xxud f 000 0 eng d | ||
| 035 | _a(Sirsi) u147075 | ||
| 041 | 0 | _aeng | |
| 050 | 0 | 4 | _a333.33 $2 18 |
| 100 | 1 | _aObu, Koichiro | |
| 245 | 0 | 0 |
_aJapan quarterly 1Q 2009 _h[electronic resource] |
| 260 |
_aLondon _bRREEF Research _c2009 |
||
| 490 | 0 |
_aRREEF Research Japan Quarterly _vMarch 2009 |
|
| 520 | _aReports that the Japanese economy has been contracting since October 2007, and that the depth of the recession is reaching unprecedented levels. The appreciation of the Japanese yen against other major currencies in late 2008 and early 2009 has caused huge damage to Japan's economy, with GDP falling at an annualised rate of 12.7% in 4Q 2008, the worst fall in 35 years. Also reports on the Tokyo office market. Tables. | ||
| 521 | _aAdvanced | ||
| 590 | _aKA | ||
| 651 | 4 | _aJapan | |
| 690 | _aPROPERTY-COMMERCIAL PROPERTY-COMMERCIAL PROPERTY MARKET | ||
| 700 | 1 | _aHobbs, Peter | |
| 856 | 4 | 0 |
_uhttps://www.rreef.com/cps/rde/xchg/ai_en/hs.xsl/3192.html _zView the report free of charge at www.rreef.com... |
| 942 | _n0 | ||
| 999 |
_c109433 _d109433 |
||